00289 a2200133 4500001000700000020001800007040001100025100001700036240004000053245003500093300000700128362000900135440001100144184638 a85-349-0876-1 cMagnum aAlves, Rubem10aA volta do pássaro encantadolpor10aA volta do pássaro encantado a320 a1999 1aPaulus